Pronunciation exercises in English : including drills for the correction of faulty accent and intonation /

Guardado en:
Autor Principal: Clarey, M. Elizabeth.
Otros Autores: Dixson, Robert James.
Formato: Libro
Idioma:English
Publicado: New York : Regents Pub. Co., [1963]
Edición:rev. ed.
Etiquetas: Agregar Etiqueta
Sin Etiquetas, Sea el primero en etiquetar este registro!
LEADER 00585cam a2200157ua 4500
001 EEA.libagro010064
005 20180912124259.0
008 830203s1963####nyu###########000#0#eng##
082 0 4 |a 421.52 
100 1 |a Clarey, M. Elizabeth. 
245 1 0 |a Pronunciation exercises in English :  |b including drills for the correction of faulty accent and intonation /  |c by M. Elizabeth Clarey and Robert J. Dixson. 
250 |a rev. ed. 
260 |a New York :  |b Regents Pub. Co.,  |c [1963] 
300 |a 142 p. ;  |c 21 cm. 
700 1 |a Dixson, Robert James. 
859 |a AR-BbBCA  |b BIB. AGRONOMIA  |h 421.52  |i C591  |p 1996/2570